| 000 | 00852nam a2200217 4500 | ||
|---|---|---|---|
| 008 | 050623s2004 ch a bf 000 0 chi d | ||
| 020 | _a9570471441 :NT240.00 | ||
| 090 |
_aBV600.3 _bM13bw |
||
| 100 | 1 |
_aMacchia, Stephen A., _d1956- |
|
| 245 | 1 | 0 |
_aBecoming a healthy church {ch} : _pWorkbook / _cStephen A. Macchia. |
| 246 | 1 | 8 | _aBecoming a healthy church workbook |
| 250 | _aChinese ed. | ||
| 260 |
_aTaipei ; _bChina Evangelical Seminary Press, _c2004. |
||
| 300 |
_a254 p. : _bill. |
||
| 500 | _aCompanion to: Becoming a healthy church. | ||
| 500 | _aTitle originally published in English by Baker Books, 2001. | ||
| 504 | _aIncludes bibliographical references (245-246). | ||
| 650 | 4 |
_aChurch renewal _xHandbooks, manuals, etc. {ch}. |
|
| 951 |
_pC-6560 _x00030981 _oREF-CHBV600.3/M13bw _j070613111500937 _d2000-12-21 _cRef-CH |
||
| 999 |
_c23675 _d23675 |
||